00281nam a2200121Ia 4500008004100000100002900041245002100070260002300091300000900114650001400123942000700137999001500144190216s9999||||xx |||||||||||||| ||und|| aVarma Jd & Dewett Kk 0aIndian Economics bS Chand & Coc1978 a884p aEconomics cBK c9659d9659